000
00288nam a22001337a 4500
008
210312b ||||| |||| 00| 0 eng d
041
_a
eng
080
_a
573
082
_a
573
100
_a
11
101
_a
BIO
245
_a
Medical cell Biology
_c
Flickinger, CH. J
942
_2
udc
_c
BK
999
_c
56577
_d
56577